Sports Quiz

Random Sports or City Quiz

Olympics Hosts: Winter or Summer? Quiz Stats

 Plays Quiz Updated Feb 8, 2014

Support Sporcle.
Go Orange.
Score 0/43 Timer 04:00
7 Plays Today
City (S)ummer or (W)inter % Correct
Rio de Janeiro, Brazil???
92.4%
Los Angeles, USA???
92.2%
Mexico City, Mexico???
92%
Athens, Greece???
91.9%
Barcelona, Spain???
91.9%
Sydney, Australia???
91.8%
London, UK???
91.4%
Beijing, China (2008)???
90.6%
Atlanta, USA???
90.6%
Rome, Italy???
90.2%
Melbourne, Australia???
90%
Sochi, Russia???
89.4%
Lillehammer, Norway???
88.9%
Paris, France???
88.9%
Vancouver, Canada???
88.5%
St. Moritz, Switzerland???
87.8%
Calgary, Canada???
87.7%
Berlin, Germany???
85.5%
Lake Placid, USA???
84.7%
Tokyo, Japan???
84.2%
Innsbruck, Austria???
83.8%
Salt Lake City, USA???
81.5%
City (S)ummer or (W)inter % Correct
St. Louis, USA???
81.4%
Seoul, South Korea???
81.1%
Munich, West Germany???
80.8%
Nagano, Japan???
79.2%
Squaw Valley, USA???
78.5%
Albertville, France???
78.4%
Chamonix, France???
78.1%
Oslo, Norway???
77.7%
Garmisch-Partenkirchen, Germany???
77.3%
Turin, Italy???
76.7%
Grenoble, France???
74.8%
Amsterdam, Netherlands???
74.7%
Sapporo, Japan???
71.1%
Sarajevo, Yugoslavia???
71%
Cortina d'Ampezzo, Italy???
70.1%
Pyeongchang, South Korea???
66.8%
Moscow, Russia???
65.3%
Antwerp, Belgium???
64.8%
Montreal, Canada???
50.5%
Stockholm, Sweden???
47%
Helsinki, Finland???
36.3%

From the Vault

100 Questions About Batman

by LucasEwalt

February 19th is officially Batman's birthday. Of course, his parents never got him a card.
Remove Ads.
Support Sporcle.
Get the best of Sporcle when you Go Orange. This ad-free experience offers more features, more stats, and more fun while also helping to support Sporcle. Thank you for becoming a member.

Show Comments

Extras

Top Quizzes Today


Score Distribution

Your Account Isn't Verified!

In order to create a playlist on Sporcle, you need to verify the email address you used during registration. Go to your Sporcle Settings to finish the process.

Report this User

Report this user for behavior that violates our Community Guidelines.

Details: